000 00653nam a2200217 a 4500
999 _c6497
_d6497
001 6497
003 BD-JhCC
005 20180401184300.0
008 180124s2000 bg a|||| ||a| 000 0 ben d
035 _a(BD-JhCC)6497
040 _aBD-JhCC
_dBD-JhCC
041 _aeng
082 _a540
_bHAQ 2000
100 _aহক, নূরুল
245 _aউচ্চ মাধ্যমিক রসায়ন প্রথম পত্র /
_cনূরুল হক
260 _aঢাকা :
_bআইডিয়াল লাইব্রেরী,
_c2000.
300 _a499 p. :
_c24 cm.
650 _aChemistry
942 _2ddc
_cBK